| 000 | 00747nam a22002057a 4500 | ||
|---|---|---|---|
| 999 |
_c7725 _d7725 |
||
| 003 | AR-CdUCM | ||
| 008 | 190321b ||||| |||| 00| 0 spa d | ||
| 040 |
_aMUNICIPALIDAD PROVINCIAL DEL CUSCO _cBIBLIOTECA MUNICIPAL DEL CUSCO |
||
| 082 |
_a463 / _bS33 |
||
| 100 |
_aSeco, Manuel _921819 |
||
| 245 | _aDiccionario de dudas y dificultades de la lengua española / | ||
| 260 |
_aMadrid : _bUme, _c1970. |
||
| 300 |
_a516 páginas ; _c20 cm. |
||
| 505 | _aContenido : Primera parte : Diccionario de dudas y dificultades de la legua española -- Segunda parte : Vocabulario ortográfico abreviatura y siglas ... | ||
| 650 |
_aDiccionario _95196 |
||
| 650 |
_aAbreviaturas _913388 |
||
| 650 |
_aEspañol _97869 |
||
| 942 |
_2ddc _cLIBROS |
||
| 945 | _arah | ||